LEADER 01342cam0 22003011 450 001 SOBE00086046 005 20260306103111.0 100 $a20260306d1976 |||||ita|0103 ba 101 $aita 102 $aIT 200 1 $a200 anni di pittura americana (1776-1976)$emostra organizzata dal Baltimore Museum of art$eGalleria d'arte moderna, Valle Giulia, Roma, 1-26 ottobre 1976 210 $aRoma$cDe Luca$d1976 215 $a21 p., 60 c. di tav.$d24 cm 300 $aIn testa al front.: Soprintendenza alla Galleria nazionale d'arte moderna e contemporanea 300 $aCatalogo della mostra 500 11$a200 anni di pittura americana (1776-1976)$3SOBA00037597$94327057 712 02$a*Galleria *nazionale d'*arte *moderna $3SOBA00033559$4070 712 02$a*Italia$b : *Soprintendenza alla *Galleria nazionale d'arte moderna e contemporanea$3SOBA00033525$4070 712 02$a*Museum of art $3SOBA00037596$4070 801 0$aIT$bUNISOB$c20260306$gRICA 850 $aUNISOB 852 $aUNISOB$jFondo|Calì$m185281 912 $aSOBE00086046 940 $aM 102 Monografia moderna SBN 941 $aM 957 $aFondo|Calì$b002748$gSI$d185281$n20250723$hCali$rDono$tN$1rovito$2UNISOB$3UNISOB$420260306102756.0$520260306102905.0$6rovito 996 $a200 anni di pittura americana, (1776-1976)$94327057 997 $aUNISOB